000 00717nam a22001457a 4500
999 _c524532
_d524532
008 231218b ||||| |||| 00| 0 eng d
100 _aKumar, N. Sudheer
_946174
245 _aIndia’s moonshot
260 _aYojana
300 _a67(12), Dec, 2023: p.7-10
520 _aThis year has been remarkable for Indian space research and exploration. ISRO was an early developer of cutting-edge technologies like sensors, inertial navigation, guidance, and control systems. The success of extremely impotent missions like the mars orbiter mission, Aditya-L1, and Chandrayaan-3 can be attributed to its unparalleled capacity. – Reproduced
773 _aYojana
906 _aSCIENCE AND TECHNOLOGY
942 _cAR